| 000 | 00622nam a2200205 a 4500 | ||
|---|---|---|---|
| 005 | 20231101063623.0 | ||
| 008 | 991125s1979 mx 000 0 spa u | ||
| 020 | _a9681602420 | ||
| 035 | _aUPN01000007448 | ||
| 049 | _aCG | ||
| 050 | 4 |
_aPQ7297 N2 _bC3 |
|
| 100 | 1 |
_aNandino Vallarta, Elías, _d1900-1993 _917415 |
|
| 245 | 1 | 0 |
_aCerca de lo lejos : _bpoesía 1972-1978 / _cElías Nandino. |
| 260 |
_aMéxico : _bFCE, _c1979. |
||
| 300 | _a70 p. | ||
| 440 | 0 | _aLetras mexicanas | |
| 600 | 1 | 4 |
_aNANDINO VALLARTA, ELIAS, _d1900-1993 - _vSELECCIONES, EXTRACTOS, ETC. _917416 |
| 650 | 4 |
_aPoesía mexicana _91273 |
|
| 905 | _aLibro | ||
| 999 |
_c7448 _d7448 |
||